Statistics for Fast typing 45 secs

Click here to take the quiz!

General Stats

  • This quiz has been taken 112 times
  • The average score is 19 of 20

Answer Stats

Answer% Correct
One
100%
Two
100%
Five
99%
Four
99%
Six
99%
Three
99%
Eight
98%
Fourteen
98%
Nine
98%
Seven
98%
Ten
98%
Twelve
98%
Eleven
96%
Thirteen
96%
Fifteen
93%
Seventeen
91%
Sixteen
91%
Eighteen
88%
Nineteen
86%
Twenty
85%

Score Distribution

Percentile by Number Answered

Percent of People with Each Score

Your Score History

You have not taken this quiz